Schach: lass dich nicht schlagen #3 - Sudden Death - Statistiken

Allgemein
  • Dieses Quiz wurde 330 mal gespielt
  • Das Durchschnittsergebnis liegt bei 4 aus 8
Answers on the Grid
Answers color-coded by a green-red scale on the quiz's grid according to % correct below.
 
Antwortstatistiken
Antwort % Korrekt
67%
67%
62%
57%
51%
49%
46%
43%
Keine übereinstimmenden Quizze gefunden
Verteilung der Resultate
Anzahl Personen mit jedem Resultat
Perzentil nach korrekt beantworteten Fragen
Ihre Resultats-Entwicklung
Sie haben dieses Quiz noch nicht gespielt